[Event "Copenhagen Bronshoj GM"]
[Site "Copenhagen"]
[Date "2012.06.03"]
[Round "5"]
[White "Aabling Thomsen, Jakob"]
[Black "Carstensen, Jacob"]
[Result "1-0"]
[WhiteElo "2331"]
[BlackElo "2305"]
[PlyCount "75"]
[EventDate "2012.06.01"]
[EventType "tourn"]
[EventRounds "9"]
[EventCountry "DEN"]
[EventCategory "8"]
[SourceTitle "CBM 148 Extra"]
[Source "ChessBase"]
[SourceDate "2012.06.22"]

1. c4 e5 2. Nc3 f5 3. Nf3 d6 4. d4 e4 5. Bg5 Qd7 6. Nd2 h6 7. Be3 g5 8. f4 Nf6
9. Nb3 Ng4 10. Qd2 Qf7 11. d5 Bg7 12. g3 Nxe3 13. Qxe3 g4 14. c5 Na6 15. cxd6
cxd6 16. Qd2 O-O 17. e3 Nc7 18. Nd4 Bd7 19. h3 gxh3 20. Rxh3 Rfc8 21. Be2 Kf8
22. Rd1 Nxd5 23. Bh5 Qg8 24. Nde2 Ne7 25. Qxd6 Rd8 26. Nd4 Bxd4 27. Qxd4 Qg7
28. Qd6 Rac8 29. Be2 Rc6 30. Qa3 a6 31. Qa5 Rcc8 32. Qb6 Ng8 33. Rd6 Qe7 34.
Nd5 Qg7 35. Kf2 Re8 36. Qb4 Ne7 37. Rxd7 Rc2 38. Rxe7 1-0

[Event "Copenhagen Bronshoj GM"]
[Site "Copenhagen"]
[Date "2012.06.05"]
[Round "8"]
[White "Aabling Thomsen, Jakob"]
[Black "Hector, Jonny"]
[Result "0-1"]
[WhiteElo "2331"]
[BlackElo "2560"]
[PlyCount "70"]
[EventDate "2012.06.01"]
[EventType "tourn"]
[EventRounds "9"]
[EventCountry "DEN"]
[EventCategory "8"]
[SourceTitle "CBM 148 Extra"]
[Source "ChessBase"]
[SourceDate "2012.06.22"]

1. e4 e5 2. Nf3 Nc6 3. Bc4 Nf6 4. d3 Bc5 5. c3 O-O 6. b4 Be7 7. O-O d5 8. exd5
Nxd5 9. b5 Na5 10. Bxd5 Qxd5 11. c4 Qd8 12. Bb2 e4 13. dxe4 Nxc4 14. Bd4 Bg4
15. Nc3 Bxf3 16. gxf3 Bd6 17. Ne2 Qg5+ 18. Kh1 Qh6 19. Ng3 Rad8 20. Qd3 Be5 21.
Qxc4 Rxd4 22. Qc5 Qf4 23. Kg1 b6 24. Qa3 Rfd8 25. Rab1 h5 26. Qe3 Qh4 27. Rfe1
Rd2 28. Re2 Bf4 29. Rxd2 Bxe3 30. Rxd8+ Qxd8 31. fxe3 Qd2 32. Nxh5 Qxe3+ 33.
Kg2 Qd2+ 34. Kh1 Qd3 35. Rb3 Qf1# 0-1

[Event "Copenhagen Bronshoj GM"]
[Site "Copenhagen"]
[Date "2012.06.01"]
[Round "1"]
[White "Aabling Thomsen, Jakob"]
[Black "Mikkelsen, Nikolaj"]
[Result "0-1"]
[WhiteElo "2331"]
[BlackElo "2399"]
[PlyCount "72"]
[EventDate "2012.06.01"]
[EventType "tourn"]
[EventRounds "9"]
[EventCountry "DEN"]
[EventCategory "8"]
[SourceTitle "CBM 148 Extra"]
[Source "ChessBase"]
[SourceDate "2012.06.22"]

1. e4 c5 2. Nf3 Nc6 3. Nc3 d6 4. d4 cxd4 5. Nxd4 Nf6 6. Bg5 e6 7. Qd2 a6 8.
O-O-O Be7 9. f3 Nxd4 10. Qxd4 b5 11. h4 Bb7 12. Kb1 Rc8 13. a4 O-O 14. axb5
axb5 15. Nxb5 Ra8 16. c4 Bc6 17. Bd2 Qb8 18. Bc3 Rd8 19. Be2 Ra4 20. Qe3 Nd7
21. Rd2 Nc5 22. Kc2 Ra2 23. Bd4 Bxb5 24. cxb5 Rc8 25. Kb1 Qa8 26. b4 Rxd2 27.
Qxd2 Nb3 28. Qa2 Qxa2+ 29. Kxa2 Nxd4 30. Bd3 Bd8 31. h5 Bb6 32. Kb2 Ra8 33. Rc1
Kf8 34. f4 h6 35. Rc4 Ke7 36. g4 Kd8 0-1

[Event "Copenhagen Bronshoj GM"]
[Site "Copenhagen"]
[Date "2012.06.02"]
[Round "3"]
[White "Aabling Thomsen, Jakob"]
[Black "Shahade, Gregory P"]
[Result "0-1"]
[WhiteElo "2331"]
[BlackElo "2471"]
[PlyCount "132"]
[EventDate "2012.06.01"]
[EventType "tourn"]
[EventRounds "9"]
[EventCountry "DEN"]
[EventCategory "8"]
[SourceTitle "CBM 148 Extra"]
[Source "ChessBase"]
[SourceDate "2012.06.22"]

1. e4 c5 2. Nf3 d6 3. c3 Nf6 4. h3 g6 5. Bd3 Bg7 6. O-O O-O 7. Bc2 Nc6 8. Re1
e5 9. d4 cxd4 10. cxd4 d5 11. dxe5 Nxe4 12. Nc3 Nxc3 13. bxc3 Re8 14. Bg5 Qa5
15. Ba4 Bd7 16. Bxc6 bxc6 17. Qd2 Rab8 18. Rab1 Be6 19. Bf6 Bf8 20. Nd4 Qa4 21.
h4 Bd7 22. h5 c5 23. hxg6 hxg6 24. Rxb8 Rxb8 25. e6 cxd4 26. exd7 Qxd7 27. Qxd4
Qc6 28. Rd1 Re8 29. Qh4 Bg7 30. Bxg7 Kxg7 31. Qd4+ Kg8 32. Rd3 Qc4 33. Re3 Rxe3
34. Qxe3 Qxa2 35. Qe8+ Kg7 36. Qe5+ Kh7 37. Qh2+ Kg7 38. Qe5+ Kf8 39. Qd6+ Ke8
40. Qc6+ Ke7 41. Qc7+ Ke6 42. Qc6+ Ke5 43. Qc7+ Ke6 44. Qc6+ Ke5 45. Qc7+ Ke4
46. Qxf7 Kd3 47. Qxg6+ Kxc3 48. Qg3+ Kc2 49. Qg6+ Kc3 50. Qg3+ Kc2 51. Qg6+ Kc1
52. Qc6+ Qc4 53. Qh6+ Kb2 54. Qg7+ d4 55. g4 Kc2 56. f3 d3 57. Qh7 Kc1 58. Kf2
Qc2+ 59. Kg3 d2 60. Qxa7 d1=Q 61. Qa1+ Kd2 62. Qd4+ Qd3 63. Qb4+ Kc1 64. Qc5+
Kb1 65. Qb4+ Ka2 66. Qa5+ Qa3 0-1

[Event "Copenhagen Bronshoj GM"]
[Site "Copenhagen"]
[Date "2012.06.05"]
[Round "8"]
[White "Andersen, Mads"]
[Black "Bromann, Thorbjorn"]
[Result "1-0"]
[WhiteElo "2431"]
[BlackElo "2411"]
[PlyCount "161"]
[EventDate "2012.06.01"]
[EventType "tourn"]
[EventRounds "9"]
[EventCountry "DEN"]
[EventCategory "8"]
[SourceTitle "CBM 148 Extra"]
[Source "ChessBase"]
[SourceDate "2012.06.22"]

1. d4 d5 2. c4 c6 3. Nf3 Nf6 4. e3 g6 5. Nc3 Bg7 6. Be2 O-O 7. O-O b6 8. Qc2
Bb7 9. Rd1 e6 10. e4 dxe4 11. Nxe4 Nxe4 12. Qxe4 Nd7 13. Bg5 Qc7 14. Qh4 c5 15.
Bh6 Bxh6 16. Qxh6 Bxf3 17. Bxf3 Rad8 18. Be2 cxd4 19. Rxd4 Ne5 20. Rad1 Nc6 21.
Rxd8 Rxd8 22. Rxd8+ Qxd8 23. Qe3 Qf6 24. Qd2 Nd4 25. Bd3 e5 26. Be4 Qd6 27. Kf1
Kg7 28. Qc3 Ne6 29. g3 Qd1+ 30. Kg2 Nd4 31. Bd5 Qe2 32. Qe3 Qxe3 33. fxe3 Nf5
34. Kf3 Kf6 35. b4 Ke7 36. c5 bxc5 37. bxc5 f6 38. Ke4 Kd7 39. g4 Ne7 40. Ba8
h6 41. Kd3 f5 42. gxf5 gxf5 43. Kc4 Kc7 44. Bg2 Kd7 45. Bf1 Kc7 46. Be2 Kc6 47.
Bd1 Kd7 48. Ba4+ Ke6 49. Be8 f4 50. exf4 exf4 51. Kd4 f3 52. Ke3 Kd5 53. Kxf3
Kxc5 54. Kg4 Kd6 55. Kh5 Nf5 56. Kg6 Ne3 57. h3 Ke7 58. Ba4 Kf8 59. Kxh6 Kg8
60. Bb3+ Kh8 61. Kg5 Ng2 62. Kf5 Kg7 63. Ke5 Ne1 64. Kd4 Kf6 65. Kc4 Kg5 66.
Kb5 Nd3 67. Bc4 Nf4 68. Bf1 Nd5 69. a3 Kh4 70. Ka6 Ne3 71. Bd3 Kxh3 72. Kxa7
Kg4 73. Kb6 Kf4 74. a4 Ke5 75. a5 Nd5+ 76. Kc5 Ne7 77. a6 Nc8 78. Kc6 Kd4 79.
Kc7 Ne7 80. a7 Kxd3 81. a8=Q 1-0

[Event "Copenhagen Bronshoj GM"]
[Site "Copenhagen"]
[Date "2012.06.03"]
[Round "5"]
[White "Andersen, Mads"]
[Black "Danielsen, Henrik"]
[Result "1/2-1/2"]
[WhiteElo "2431"]
[BlackElo "2498"]
[PlyCount "67"]
[EventDate "2012.06.01"]
[EventType "tourn"]
[EventRounds "9"]
[EventCountry "DEN"]
[EventCategory "8"]
[SourceTitle "CBM 148 Extra"]
[Source "ChessBase"]
[SourceDate "2012.06.22"]

1. e4 d6 2. d4 Nf6 3. Nc3 e5 4. dxe5 dxe5 5. Qxd8+ Kxd8 6. Bg5 Be6 7. O-O-O+
Nbd7 8. f4 exf4 9. Nf3 Kc8 10. Bxf4 Bb4 11. Nb5 Ba5 12. Ng5 Re8 13. Nxe6 fxe6
14. Bd3 e5 15. Bg5 h6 16. Bxf6 Nxf6 17. Na3 Bb4 18. Nc4 b5 19. Ne3 c6 20. Nf5
Bf8 21. Rhf1 h5 22. Be2 Kc7 23. Ng3 h4 24. Nf5 Rad8 25. Bd3 h3 26. gxh3 Rd7 27.
c3 Red8 28. Kc2 a5 29. h4 Kb6 30. h3 Nh5 31. Be2 Nf4 32. Bg4 Rxd1 33. Rxd1 Rxd1
34. Kxd1 1/2-1/2

[Event "Copenhagen Bronshoj GM"]
[Site "Copenhagen"]
[Date "2012.06.02"]
[Round "3"]
[White "Andersen, Mads"]
[Black "Georgiev, Vladimir"]
[Result "0-1"]
[WhiteElo "2431"]
[BlackElo "2555"]
[PlyCount "128"]
[EventDate "2012.06.01"]
[EventType "tourn"]
[EventRounds "9"]
[EventCountry "DEN"]
[EventCategory "8"]
[SourceTitle "CBM 148 Extra"]
[Source "ChessBase"]
[SourceDate "2012.06.22"]

1. d4 Nf6 2. c4 e6 3. g3 d5 4. Nf3 Be7 5. Bg2 O-O 6. O-O dxc4 7. Qc2 b5 8. a4
b4 9. Nbd2 Bb7 10. Nxc4 Be4 11. Qb3 Nc6 12. Rd1 Bd5 13. Qd3 Be4 14. Qb3 Qd5 15.
Be3 Rac8 16. Rac1 Rfd8 17. Ne1 Bxg2 18. Nxg2 Na5 19. Nxa5 Qxa5 20. Rc6 Nd5 21.
Bf4 Bf6 22. e4 Nb6 23. Qc2 Qxa4 24. b3 Qb5 25. Be3 a5 26. Rc5 Qa6 27. Ra1 a4
28. bxa4 Bxd4 29. Bxd4 Rxd4 30. Rxc7 Rxc7 31. Qxc7 h6 32. Ne3 b3 33. Qc3 Rxa4
34. Rb1 Rxe4 35. Qxb3 Nd7 36. Qc2 f5 37. Qc7 Rd4 38. Rb7 Kh7 39. Ra7 Qe2 40.
Kg2 Rd2 41. Qf4 Qb5 42. Qa4 Qxa4 43. Rxa4 Nc5 44. Rc4 Nd3 45. Rc6 Nxf2 46. Nf1
Re2 47. Kf3 Ra2 48. Rxe6 Ne4 49. Ke3 Rb2 50. g4 Ng5 51. Ra6 fxg4 52. Ra4 h5 53.
Kf4 Kh6 54. Kg3 Re2 55. Ra3 Ne4+ 56. Kf4 Rf2+ 57. Kxe4 Rxf1 58. Ra2 Rf3 59. Rb2
Kg5 60. Ra2 Rf1 61. Ke3 Kh4 62. Rf2 Rxf2 63. Kxf2 Kh3 64. Kg1 h4 0-1

[Event "Copenhagen Bronshoj GM"]
[Site "Copenhagen"]
[Date "2012.06.01"]
[Round "1"]
[White "Andersen, Mads"]
[Black "Hagen, Andreas Skytte"]
[Result "1-0"]
[WhiteElo "2431"]
[BlackElo "2445"]
[PlyCount "75"]
[EventDate "2012.06.01"]
[EventType "tourn"]
[EventRounds "9"]
[EventCountry "DEN"]
[EventCategory "8"]
[SourceTitle "CBM 148 Extra"]
[Source "ChessBase"]
[SourceDate "2012.06.22"]

1. c4 Nf6 2. g3 c6 3. Bg2 d5 4. Nf3 dxc4 5. O-O Nbd7 6. Na3 Nb6 7. Qc2 g6 8.
Nxc4 Nxc4 9. Qxc4 Bg7 10. d3 O-O 11. Bd2 Nd5 12. Rab1 h6 13. b4 e5 14. a4 Be6
15. Qc2 Qd7 16. e4 Nc7 17. Bc3 f6 18. d4 exd4 19. Rfd1 Qf7 20. Nxd4 Bc4 21. Ba1
a6 22. Rbc1 Be6 23. Nxe6 Qxe6 24. Qc5 Rad8 25. Qb6 Qc8 26. Bf1 Na8 27. Qe3 Nc7
28. Rxd8 Qxd8 29. Bd4 Kh7 30. Bb6 Qd7 31. Qb3 Re8 32. Rd1 Qe7 33. Bc5 Qxe4 34.
Qf7 Nd5 35. Bd3 Qg4 36. f3 Re7 37. Bxe7 Qd4+ 38. Kh1 1-0

[Event "Copenhagen Bronshoj GM"]
[Site "Copenhagen"]
[Date "2012.06.04"]
[Round "7"]
[White "Bromann, Thorbjorn"]
[Black "Aabling Thomsen, Jakob"]
[Result "1-0"]
[WhiteElo "2411"]
[BlackElo "2331"]
[PlyCount "101"]
[EventDate "2012.06.01"]
[EventType "tourn"]
[EventRounds "9"]
[EventCountry "DEN"]
[EventCategory "8"]
[SourceTitle "CBM 148 Extra"]
[Source "ChessBase"]
[SourceDate "2012.06.22"]

1. e4 d6 2. d4 Nf6 3. Nc3 g6 4. f4 Bg7 5. Nf3 c5 6. Bb5+ Bd7 7. e5 Ng4 8. e6
fxe6 9. Ng5 Bxb5 10. Nxe6 Bxd4 11. Nxb5 Qa5+ 12. c3 Nf2 13. Qe2 Nxh1 14. Nec7+
Kd8 15. Kf1 Bf6 16. Nxa8 Na6 17. Bd2 Kd7 18. c4 Qd8 19. Re1 Kc8 20. Nxa7+ Kb8
21. Nb5 Bh4 22. Rb1 Kxa8 23. Be1 Rf8 24. Kg1 Rxf4 25. g3 Nxg3 26. hxg3 Bxg3 27.
Bxg3 Rf5 28. Re1 Qf8 29. Kg2 Rf7 30. Qe6 g5 31. Qd7 Qh8 32. Nxd6 Qxb2+ 33. Kh1
Rf3 34. Qd8+ Nb8 35. Qa5+ Na6 36. Qd8+ Nb8 37. Ne4 e5 38. Qa5+ Na6 39. Qd8+ Nb8
40. Qxg5 Nc6 41. Qg4 Rf8 42. Nxc5 Qb4 43. Ne6 Rf6 44. Nc7+ Kb8 45. Nd5 Rh6+ 46.
Kg2 Qd2+ 47. Qe2 Qg5 48. Rf1 Qd8 49. Bxe5+ Nxe5 50. Qxe5+ Kc8 51. Ne7+ 1-0

[Event "Copenhagen Bronshoj GM"]
[Site "Copenhagen"]
[Date "2012.06.01"]
[Round "1"]
[White "Bromann, Thorbjorn"]
[Black "Hector, Jonny"]
[Result "0-1"]
[WhiteElo "2411"]
[BlackElo "2560"]
[PlyCount "54"]
[EventDate "2012.06.01"]
[EventType "tourn"]
[EventRounds "9"]
[EventCountry "DEN"]
[EventCategory "8"]
[SourceTitle "CBM 148 Extra"]
[Source "ChessBase"]
[SourceDate "2012.06.22"]

1. e4 c5 2. Nf3 e6 3. c3 d5 4. exd5 exd5 5. d4 a6 6. Be3 c4 7. b3 cxb3 8. axb3
Bd6 9. h3 Ne7 10. Qd2 O-O 11. Be2 Nd7 12. Bf4 Bxf4 13. Qxf4 Qb6 14. Nbd2 Ng6
15. Qf5 Re8 16. Kf1 Nf6 17. Qc2 Nf4 18. Bd3 Nxd3 19. Qxd3 Ne4 20. g4 h5 21. Re1
Bd7 22. Rh2 Qc7 23. Nxe4 dxe4 24. Rxe4 Rxe4 25. Qxe4 Qxc3 26. Ne5 Re8 27. Qf3
Qc1+ 0-1

[Event "Copenhagen Bronshoj GM"]
[Site "Copenhagen"]
[Date "2012.06.02"]
[Round "3"]
[White "Bromann, Thorbjorn"]
[Black "Mikkelsen, Nikolaj"]
[Result "0-1"]
[WhiteElo "2411"]
[BlackElo "2399"]
[PlyCount "126"]
[EventDate "2012.06.01"]
[EventType "tourn"]
[EventRounds "9"]
[EventCountry "DEN"]
[EventCategory "8"]
[SourceTitle "CBM 148 Extra"]
[Source "ChessBase"]
[SourceDate "2012.06.22"]

1. e4 c5 2. d3 Nc6 3. f4 d5 4. Be2 dxe4 5. dxe4 Qxd1+ 6. Bxd1 Bd7 7. Nf3 Nf6 8.
Nc3 e6 9. e5 Nd5 10. Ne4 f5 11. exf6 Nxf6 12. Ned2 Bd6 13. Nc4 Bc7 14. a4 O-O
15. O-O Ng4 16. h3 Nh6 17. Ne1 Rad8 18. Nd3 b6 19. Re1 Nf7 20. b3 Bc8 21. Rb1
e5 22. fxe5 Nfxe5 23. Ndxe5 Nxe5 24. Be2 Nc6 25. Ne3 Bg3 26. Rf1 Be6 27. Rxf8+
Rxf8 28. Bd3 Nd4 29. Bd2 Rd8 30. Nf1 Bh4 31. Be1 Bf6 32. Nd2 Nc6 33. Ne4 Bd4+
34. Kh1 Ne5 35. Be2 Bf5 36. Rd1 Bxe4 37. c3 Bc2 38. Rd2 Bxb3 39. cxd4 Rxd4 40.
a5 Rxd2 41. Bxd2 Nc6 42. a6 Bd5 43. Bf4 c4 44. Kg1 Nb4 45. Bb8 Nxa6 46. Bxa7 b5
47. Kf2 b4 48. Ke3 b3 49. Bd4 Nc7 50. Bb2 Nb5 51. Kd2 Kf7 52. g4 g6 53. h4 Ke6
54. h5 Kd6 55. hxg6 hxg6 56. g5 Kc5 57. Bf6 Kb4 58. Be7+ Ka4 59. Bd1 c3+ 60.
Kc1 Be4 61. Bc5 Nc7 62. Bd6 Nd5 63. Bf8 Nf4 0-1

[Event "Copenhagen Bronshoj GM"]
[Site "Copenhagen"]
[Date "2012.06.03"]
[Round "5"]
[White "Bromann, Thorbjorn"]
[Black "Shahade, Gregory P"]
[Result "1/2-1/2"]
[WhiteElo "2411"]
[BlackElo "2471"]
[PlyCount "93"]
[EventDate "2012.06.01"]
[EventType "tourn"]
[EventRounds "9"]
[EventCountry "DEN"]
[EventCategory "8"]
[SourceTitle "CBM 148 Extra"]
[Source "ChessBase"]
[SourceDate "2012.06.22"]

1. e4 e5 2. Nf3 Nc6 3. Nc3 Nf6 4. d4 exd4 5. Nxd4 Bb4 6. Nxc6 bxc6 7. Bd3 d5 8.
exd5 cxd5 9. O-O O-O 10. Bg5 c6 11. Qf3 Be7 12. Rae1 Re8 13. h3 h6 14. Bf4 Be6
15. Ne2 c5 16. Bb5 Bd7 17. Bxd7 Qxd7 18. Rd1 Qf5 19. Qd3 Qxd3 20. Rxd3 Rad8 21.
Rfd1 Bd6 22. Bxd6 Rxd6 23. Kf1 Ra6 24. Ra1 Rb8 25. b3 d4 26. a3 Nd5 27. Rdd1
Rf6 28. Kg1 Re6 29. Kf1 Rf6 30. Kg1 Re8 31. Re1 Rb6 32. Rad1 Ra6 33. Ra1 Rb6
34. Rad1 Ra6 35. Ra1 f6 36. Kf1 Kf7 37. b4 Ra4 38. bxc5 Rc4 39. Rad1 Rxc2 40.
Nxd4 Rxe1+ 41. Kxe1 Rxc5 42. Nb3 Rb5 43. a4 Rxb3 44. Rxd5 Ke6 45. Ra5 Rb7 46.
Ke2 Kd6 47. Kd3 1/2-1/2

[Event "Copenhagen Bronshoj GM"]
[Site "Copenhagen"]
[Date "2012.06.05"]
[Round "8"]
[White "Carstensen, Jacob"]
[Black "Georgiev, Vladimir"]
[Result "0-1"]
[WhiteElo "2305"]
[BlackElo "2555"]
[PlyCount "122"]
[EventDate "2012.06.01"]
[EventType "tourn"]
[EventRounds "9"]
[EventCountry "DEN"]
[EventCategory "8"]
[SourceTitle "CBM 148 Extra"]
[Source "ChessBase"]
[SourceDate "2012.06.22"]

1. d4 d6 2. c4 e5 3. Nf3 e4 4. Ng5 Nf6 5. Nc3 Bf5 6. g4 Bxg4 7. Ngxe4 Nxe4 8.
Nxe4 d5 9. Nc3 dxc4 10. Qa4+ c6 11. Qxc4 Be6 12. Qd3 Na6 13. a3 Be7 14. e4 Qb6
15. Bg2 Rd8 16. d5 Nc5 17. Qg3 cxd5 18. O-O O-O 19. exd5 Bf5 20. b4 Nd3 21. Be3
Qa6 22. Rad1 Qc4 23. Nb1 Bd6 24. Qg5 Bg6 25. Nd2 Qc7 26. Ne4 Bxh2+ 27. Kh1 Rfe8
28. Rxd3 Rxe4 29. Rc3 f6 30. Rxc7 Bxc7 31. d6 fxg5 32. dxc7 Rc8 33. Bxe4 Bxe4+
34. f3 Bc6 35. Bxg5 Rxc7 36. Kg2 Rd7 37. Re1 h6 38. Bc1 Rd3 39. Re3 Rd1 40. Rc3
a6 41. Kg3 Kf7 42. Be3 Ke6 43. Bb6 Kf5 44. Kf2 g5 45. Rc5+ Kg6 46. Re5 Kf6 47.
Re3 h5 48. Bc7 Bb5 49. Be5+ Kf5 50. Bc3 Rd5 51. Re7 Bc6 52. Rf7+ Ke6 53. Rf6+
Ke7 54. Ke3 Bb5 55. Bb2 Rd3+ 56. Ke4 Rd2 57. Be5 Bc6+ 58. Kf5 Bxf3 59. Kxg5
Rg2+ 60. Kf4 Bc6 61. Rh6 Rg4+ 0-1

[Event "Copenhagen Bronshoj GM"]
[Site "Copenhagen"]
[Date "2012.06.03"]
[Round "4"]
[White "Carstensen, Jacob"]
[Black "Hagen, Andreas Skytte"]
[Result "1/2-1/2"]
[WhiteElo "2305"]
[BlackElo "2445"]
[PlyCount "133"]
[EventDate "2012.06.01"]
[EventType "tourn"]
[EventRounds "9"]
[EventCountry "DEN"]
[EventCategory "8"]
[SourceTitle "CBM 148 Extra"]
[Source "ChessBase"]
[SourceDate "2012.06.22"]

1. d4 Nf6 2. c4 g6 3. Nc3 Bg7 4. e4 d6 5. f3 O-O 6. Bg5 Nc6 7. d5 Ne5 8. Qd2 c6
9. Be2 Qb6 10. Be3 Qb4 11. b3 Nxd5 12. Nxd5 Qxd2+ 13. Kxd2 cxd5 14. Rc1 dxe4
15. fxe4 b6 16. Nf3 Ng4 17. Rcd1 Bb7 18. Nd4 Nf6 19. Bf3 Nxe4+ 20. Kc2 Rfc8 21.
Rhe1 Nc5 22. Nb5 Bxf3 23. gxf3 Ne6 24. Nc3 Bxc3 25. Kxc3 Ng7 26. a4 Nf5 27. Bf2
e6 28. Kb4 Kf8 29. a5 bxa5+ 30. Kxa5 Rab8 31. Rd3 d5 32. Rc1 Ne7 33. Ka4 Rc6
34. Ka3 Ra6+ 35. Kb2 dxc4 36. Rxc4 Nd5 37. Rd1 Kg7 38. Rdc1 Ra5 39. Rc5 Rxc5
40. Rxc5 Rb7 41. Ra5 Nb6 42. Ka3 Kf6 43. Bd4+ Ke7 44. Bc5+ Kd7 45. Bd4 Nc8 46.
Ka4 Nb6+ 47. Ka3 h5 48. Be5 Kc6 49. Bd4 Rd7 50. Rc5+ Kb7 51. Be5 Ka6 52. Bg3
Rd3 53. f4 Kb7 54. f5 Nd5 55. fxg6 fxg6 56. Rb5+ Kc6 57. Rb8 g5 58. Rg8 h4 59.
Bb8 Kb7 60. Be5 Ne3 61. Rxg5 Nc4+ 62. Kb4 Nxe5 63. Rxe5 Rd2 64. Rxe6 Rxh2 65.
Rh6 h3 66. Rh7+ Kb6 67. Rh6+ 1/2-1/2

[Event "Copenhagen Bronshoj GM"]
[Site "Copenhagen"]
[Date "2012.06.02"]
[Round "2"]
[White "Carstensen, Jacob"]
[Black "Hector, Jonny"]
[Result "0-1"]
[WhiteElo "2305"]
[BlackElo "2560"]
[PlyCount "92"]
[EventDate "2012.06.01"]
[EventType "tourn"]
[EventRounds "9"]
[EventCountry "DEN"]
[EventCategory "8"]
[SourceTitle "CBM 148 Extra"]
[Source "ChessBase"]
[SourceDate "2012.06.22"]

1. d4 d5 2. c4 c6 3. Nf3 Nf6 4. Nc3 e6 5. g3 dxc4 6. Bg2 b5 7. Ne5 a6 8. Nxc6
Qb6 9. Ne5 Bb7 10. e4 Bb4 11. O-O O-O 12. Ng4 Nxg4 13. Qxg4 f5 14. exf5 exf5
15. Qh3 Bxc3 16. bxc3 Nd7 17. a4 Nf6 18. Bxb7 Qxb7 19. axb5 Ne4 20. Qg2 axb5
21. Ba3 Rf6 22. Bb4 Rfa6 23. Rxa6 Rxa6 24. f3 Nf6 25. Qe2 h6 26. Qe5 Qd5 27.
Re1 Ra2 28. Re2 Ra1+ 29. Kf2 Rh1 30. Kg2 Rd1 31. Kf2 Rd3 32. Re3 Rd2+ 33. Re2
Qxe5 34. dxe5 Rxe2+ 35. Kxe2 Nd5 36. Kd2 g5 37. Bc5 Kf7 38. f4 gxf4 39. gxf4
Nxf4 40. Be3 Ne6 41. Bxh6 f4 42. h4 Kg6 43. Bxf4 Nxf4 44. Ke3 Kf5 45. Kd4 Ne2+
46. Kc5 Nxc3 0-1

[Event "Copenhagen Bronshoj GM"]
[Site "Copenhagen"]
[Date "2012.06.04"]
[Round "6"]
[White "Carstensen, Jacob"]
[Black "Mikkelsen, Nikolaj"]
[Result "1/2-1/2"]
[WhiteElo "2305"]
[BlackElo "2399"]
[PlyCount "59"]
[EventDate "2012.06.01"]
[EventType "tourn"]
[EventRounds "9"]
[EventCountry "DEN"]
[EventCategory "8"]
[SourceTitle "CBM 148 Extra"]
[Source "ChessBase"]
[SourceDate "2012.06.22"]

1. d4 Nf6 2. c4 g6 3. Nc3 Bg7 4. e4 d6 5. f4 O-O 6. Nf3 c5 7. d5 e6 8. Be2 exd5
9. cxd5 b5 10. e5 dxe5 11. Bxb5 exf4 12. Bxf4 Bb7 13. d6 Qb6 14. O-O Nh5 15.
Be5 Bxf3 16. Qxf3 Bxe5 17. Qxa8 c4+ 18. Kh1 Bxc3 19. bxc3 Qxb5 20. Rab1 Qc6 21.
Qxa7 Qxd6 22. Rfd1 Qe5 23. Qd4 Qc7 24. Rb4 Rc8 25. Ra4 Ng7 26. Rxc4 Qxc4 27.
Qxc4 Rxc4 28. Rd8+ Ne8 29. Rxe8+ Kg7 30. Rxb8 1/2-1/2

[Event "Copenhagen Bronshoj GM"]
[Site "Copenhagen"]
[Date "2012.06.03"]
[Round "4"]
[White "Danielsen, Henrik"]
[Black "Aabling Thomsen, Jakob"]
[Result "1-0"]
[WhiteElo "2498"]
[BlackElo "2331"]
[PlyCount "53"]
[EventDate "2012.06.01"]
[EventType "tourn"]
[EventRounds "9"]
[EventCountry "DEN"]
[EventCategory "8"]
[SourceTitle "CBM 148 Extra"]
[Source "ChessBase"]
[SourceDate "2012.06.22"]

1. Nf3 Nf6 2. g3 g6 3. c4 Bg7 4. Bg2 d5 5. O-O c6 6. b3 Ne4 7. d4 Nd7 8. Bb2
O-O 9. e3 a5 10. Nc3 Nxc3 11. Bxc3 e6 12. Qc2 b6 13. e4 Ba6 14. Nd2 Rc8 15. Bb2
dxc4 16. Nxc4 c5 17. d5 Bd4 18. Kh1 exd5 19. exd5 Qf6 20. Rab1 Ne5 21. Bc1 Rfe8
22. Bf4 g5 23. Bxe5 Rxe5 24. f4 Rf5 25. Be4 Bb7 26. Bxf5 Re8 27. Bh3 1-0

[Event "Copenhagen Bronshoj GM"]
[Site "Copenhagen"]
[Date "2012.06.01"]
[Round "1"]
[White "Danielsen, Henrik"]
[Black "Georgiev, Vladimir"]
[Result "1-0"]
[WhiteElo "2498"]
[BlackElo "2555"]
[PlyCount "76"]
[EventDate "2012.06.01"]
[EventType "tourn"]
[EventRounds "9"]
[EventCountry "DEN"]
[EventCategory "8"]
[SourceTitle "CBM 148 Extra"]
[Source "ChessBase"]
[SourceDate "2012.06.22"]

1. g3 c5 2. c4 Nc6 3. Nc3 g6 4. Bg2 Bg7 5. e3 e5 6. Nge2 Nge7 7. d3 O-O 8. O-O
a6 9. b3 d6 10. Bb2 Rb8 11. Qd2 Bg4 12. f3 Be6 13. f4 Bg4 14. Rae1 b5 15. Nd5
f5 16. Nec3 Kh8 17. h3 Bh5 18. Nxe7 Nxe7 19. e4 exf4 20. Rxf4 g5 21. Rff1 Bd4+
22. Kh1 f4 23. gxf4 gxf4 24. Rxf4 Rxf4 25. Qxf4 Ng6 26. Qd2 Qh4 27. Rf1 Ne5 28.
Nd5 Rg8 29. Bxd4 cxd4 30. Nf6 Rg6 31. Nxh5 Qxh5 32. c5 Qh6 33. Qxh6 Rxh6 34.
Rf5 Nc6 35. cxd6 Rxd6 36. e5 Rg6 37. Be4 Rh6 38. Bd5 Rg6 1-0

[Event "Copenhagen Bronshoj GM"]
[Site "Copenhagen"]
[Date "2012.06.05"]
[Round "8"]
[White "Danielsen, Henrik"]
[Black "Hagen, Andreas Skytte"]
[Result "1-0"]
[WhiteElo "2498"]
[BlackElo "2445"]
[PlyCount "85"]
[EventDate "2012.06.01"]
[EventType "tourn"]
[EventRounds "9"]
[EventCountry "DEN"]
[EventCategory "8"]
[SourceTitle "CBM 148 Extra"]
[Source "ChessBase"]
[SourceDate "2012.06.22"]

1. Nf3 Nf6 2. g3 g6 3. c4 Bg7 4. Bg2 O-O 5. O-O d5 6. cxd5 Nxd5 7. Nc3 Nc6 8.
d4 Nb6 9. d5 Na5 10. Bf4 Nac4 11. Rc1 Bd7 12. b3 Nd6 13. Nd4 Rc8 14. Qd2 c5 15.
dxc6 bxc6 16. Rfd1 e5 17. Bg5 f6 18. Ne6 Bxe6 19. Qxd6 Qe8 20. Be3 Rf7 21. Qc5
f5 22. Qa5 e4 23. Bxb6 axb6 24. Qxb6 Rd7 25. Rxd7 Qxd7 26. Rd1 Qc7 27. Na4 Qxb6
28. Nxb6 Rb8 29. Na4 Bf8 30. e3 c5 31. Bf1 c4 32. bxc4 Ra8 33. Nc3 Bb4 34. Rc1
Ra3 35. Nb5 Rxa2 36. Nd4 Kf7 37. c5 Ba3 38. Bc4 Bxc4 39. Rxc4 Ke7 40. c6 Kd8
41. Ne6+ Kc8 42. Rd4 Be7 43. Rd7 1-0